000
00186nam a2200085Ia 4500
008
180219s9999 xx 000 0 und d
100
_a
Eysenck
245
4
_a
The Structureof Human
260
_a
Surjeet
260
_c
2010
999
_c
41761
_d
41761